Erény és bűn válaszutak Thomas Hardy Egy tiszta nő és William Makepeace Thackeray Hiúság vására című művében /

Elmentve itt :
Bibliográfiai részletek
Szerző: Holecska Tünde
További közreműködők: Hardy Thomas
Makepeace William
Dokumentumtípus: Könyv része
Megjelent: Szegedi Tudományegyetem Bölcsészettudományi Kar, Összehasonlító Irodalomtudományi Tanszék Szeged 2020
Sorozat:Szövegek között 22
Szövegek között 22. 22
Kulcsszavak:Angol irodalom története - 19-20. sz.
Tárgyszavak:
Online Access:http://acta.bibl.u-szeged.hu/76551
LEADER 00963naa a2200229 i 4500
001 acta76551
005 20220909110307.0
008 220909s2020 hu o 0|| hun d
040 |a SZTE Egyetemi Kiadványok Repozitórium  |b hun 
041 |a hun 
100 1 |a Holecska Tünde 
245 1 0 |a Erény és bűn   |h [elektronikus dokumentum] :  |b válaszutak Thomas Hardy Egy tiszta nő és William Makepeace Thackeray Hiúság vására című művében /  |c  Holecska Tünde 
260 |a Szegedi Tudományegyetem Bölcsészettudományi Kar, Összehasonlító Irodalomtudományi Tanszék  |b Szeged  |c 2020 
300 |a 76-109 
490 0 |a Szövegek között  |v 22 
490 0 |a Szövegek között 22.  |v 22 
650 4 |a Bölcsészettudományok 
650 4 |a Nyelvek és irodalom 
695 |a Angol irodalom története - 19-20. sz. 
700 0 1 |a Hardy Thomas 
700 0 1 |a Makepeace William 
856 4 0 |u http://acta.bibl.u-szeged.hu/76551/1/szovegek_022_076-109.pdf  |z Dokumentum-elérés